Statistics for Tracks on Eminem's Revival

Click here to take the quiz!

General Stats

  • This quiz has been taken 43 times
  • The average score is 11 of 17

Answer Stats

Answer% Correct
Walk on Water
89%
River
84%
Castle
74%
Arose
68%
Bad Husband
68%
Tragic Endings
63%
Believe
58%
Chloraseptic
58%
Heat
58%
In Your Head
58%
Like Home
58%
Nowhere Fast
58%
Remind Me
58%
Framed
53%
Need Me
53%
Offended
47%
Untouchable
47%

Score Distribution

Percentile by Number Answered

Percent of People with Each Score

Your Score History

You have not taken this quiz